000 00630nam a2200205Ia 4500
003 GCL
008 140319s9999 xx 000 0 ara d
040 _aGCL /
_cGCL
082 0 4 _a617.522
_bز ج
100 1 _aزهير محمد صافى حيدر
245 1 0 _aجراحة الفم الصغرى /
_cزهير محمد صافى حيدر
260 _aالرياض :
_bجامعة الملك سعود
300 _a660 ص ؛
_c24 سم
490 _a
650 0 4 _aالفم - امراض
650 0 4 _aالفم - رعاية وعلاج
650 0 4 _aالفم - جراحة
650 0 4 _aاللثة - امراض
942 _2ddc
_cBK
999 _c34618
_d34618